| 000 | 00539nam a2200169 a 4500 | ||
|---|---|---|---|
| 001 | 000048548 | ||
| 005 | 20201002061231.0 | ||
| 008 | 190329s2010 dr r 000 0 spa d | ||
| 020 | _a9789945873740 | ||
| 040 |
_aDO-SdBNP _bspa _cBNPHU |
||
| 082 |
_axxx _bS939i |
||
| 100 | 1 |
_aSuárez, Nelson _976016 |
|
| 245 | 1 | 0 |
_aImpuestos y evasión fiscal en República Dominicana / _cNelson Suárez. |
| 260 |
_aSanto Domingo : _bCentro de Estudios Sociales P. Juan Montalvo, _c2010. |
||
| 300 |
_a145 p. ; _c26 cm. |
||
| 590 | _aInventariado, 2019 / DG | ||
| 999 |
_c48036 _d48036 |
||